00622nam a2200193Ia 4500008004100000020001800041082001200059100002000071245004900091250000700140260003700147300002300184500001900207600003300226650001600259942000700275952012900282999001700411240925s9999 xx 000 0 und d a9781488610196 a510 BRA aNot - Available 0aAcademic and Professional Numeracy NMCY 1001 aNA aAustralia:bPearson Educc,2015. a128p.b0fOriginal aIncludes Index aHumanities & Natural Science aMathematics cBK 001040708HUMaUITUbUITUd2018-11-20eShahid Book Centerg625.00l0o510 BRApQ11950r2024-09-25 07:16:15w2024-09-25yBK c14449d14449